000 00927nas a2200289 4500
001 BR2015000140
003 BR-BrBNA
005 20231205124905.0
007 ta
008 230509b bl.|||p| |||| 00| 00por d
040 _aBR-BrBNA
_bpor
_cBiblioteca Nacional de Agricultura
041 _a(Pt)
072 _aQ03
100 1 _aMesquita, E. de F.M. de
100 1 _aCalixto, F.A.A.
100 1 _aRodrigues, E.
100 1 _aBarradas, G.S.
100 1 _aSouza, M.C.L.
245 1 _aAnálise do uso da irradiação e do metabissulfito de sódio em camarão Pleoticus muelleri refrigerado através do pH
650 _aCAMARÃO
650 _aPROPRIEDADE FÍSICO-QUÍMICA
650 _aADITIVO
650 _aSEGURANÇA ALIMENTAR
773 0 _tHigiene Alimentar (Brazil)
_xISSN 0101-9171
_g(Nov-Dec 2013), v. 27(226-227) p. 189-193
_wBR2015000140
909 _a202311
_bLúcia
_c55
_dLúcia Elande
942 _2AGRIS
_n0
_cANA
999 _c241449
_d241449